000 00332nam a2200121 i 4500
001 bg
245 0 _aModelowanie analogowe tyrystorowych układów napędowych /
_cpod red. J. Deskura i A. Szaflarskiego.
260 _aWarszawa,
_c1986.
040 _cBPK
041 _apol
942 _cKS
008 s pl f |000 0 pol
999 _c23402
_d23402
856 _uhttp://koha.tu.koszalin.pl/cgi-bin/koha/opac-detail.pl?biblionumber=23402
_yKatalog online BPK